000 01511nam a2200313 a 4500
001 60634
003 BD-RjUL
005 20211209080850.0
008 170102s1996 bg a s o||0 0 eng d
020 _a9845082181
_c: Complimentary
020 _a9845082181
_c: Tk. 400.00 (Inland)
035 _a(BD-RjUL)60758
040 _aDLC
_cDLC
_dDLC
_dBD-RjUL
_beng
041 0 _aengben
082 _223
_a304.6095492021
_bMAN 1996 (ZS)
110 _aBangladesh Bureau Of Statistics.
_9179266
245 1 0 _aBangladesh population census, 1991 = বাংলাদেশ আদমশুমারী, ১৯৯১ :
_bZila series, Zila: Manikganj = জেলা সিরিজ, জেলা: মানিকগঞ্জ /
_cBangladesh Bureau Of Statistics.
246 _aবাংলাদেশ আদমশুমারী, ১৯৯১ :
_bজেলা সিরিজ, জেলা: মানিকগঞ্জ
260 _aDhaka :
_bBangladesh Bureau of Statistics,
_c1996.
300 _axviii, 338 p. :
_bIll. ;
_c28 cm.
490 _aZila series, Zila: Manikganj
490 _aজেলা সিরিজ, জেলা: মানিকগঞ্জ
500 _aPrefatory matter in Bengali and English.
651 0 _aBangladesh
_zManikganj
_vCensus,1991
_9180622
651 0 _aBangladesh
_zManikganj
_xPopulation
_vStatistics
_9180623
_y1991
830 _aZila series, Zila: Manikganj
_9182022
830 _aজেলা সিরিজ, জেলা: মানিকগঞ্জ
_9190261
942 _2ddc
_cRAR
999 _c60634
_d60634